000 00281nam a22001337a 4500
008 170328b xxu||||| |||| 00| 0 eng d
020 _a1888383216
041 _aeng
080 _a796.3
100 _a8
101 _aSGHM
245 _aXXIII OLYMPIAD
_cGALFORD, E
942 _2udc
_cBK
999 _c8885
_d8885